Tratado de metafísica

Saved in:
Bibliographic Details
Main Author: Wahl, Jean André (Author)
Format: Book
Language:Spanish
Published: Ciudad de México Fondo de Cultura Económica 1960
Series:Sección de Obras de Filosofía
Subjects:
Tags: Add Tag
No Tags, Be the first to tag this record!

MARC

LEADER 00000nam a2200000 a 4500
001 UCZ2736
003 CL-VaPUC
008 951006e19600000MX |||||||||||||||||spa|d
082 0 4 |a 110  |b WAH  |2 21 
100 0 |a Wahl, Jean André  |e author  |9 346501 
245 1 0 |a Tratado de metafísica 
300 |a 687 p 
942 |c BK 
945 |d 19951006 00:00:00  |a cmena 
260 |a Ciudad de México  |b Fondo de Cultura Económica  |c 1960 
650 0 |a Metafísica  |9 265649 
650 0 |a Ontología   |9 256850 
650 0 |a Teología   |9 258766 
650 0 |a Filosofía del espíritu  |9 320175 
650 7 |a HOMBRE  |2 CL-VaPUC  |9 262149 
650 0 |a Naturaleza humana   |9 308593 
583 |a last modification  |c 20181024 16:38:01  |k Rodrigo Vera 
490 0 |a Sección de Obras de Filosofía 
999 |c 239291  |d 239289 
952 |0 0  |1 0  |4 0  |6 110_000000000000000_WAH_1960  |7 0  |8 P  |9 250330  |a BIBEDU  |b BIBEDU  |c BIBEDU_PB  |d 2019-11-18  |i 312990K  |o 110 WAH 1960  |p 312990K  |r 2024-01-25  |w 2019-11-18  |y BK  |k FIL 
952 |0 0  |1 0  |4 0  |6 110_000000000000000_WAH_1960  |7 0  |8 P  |9 250331  |a BIBEDU  |b BIBEDU  |c BIBEDU_PB  |d 2019-11-18  |i 3152189  |o 110 WAH 1960  |p 3152189  |r 2024-01-25  |w 2019-11-18  |y BK  |k EDU